000 00388nam a22001457a 4500
003 MACL
005 20190619155142.0
008 190619b xxu||||| |||| 00| 0 eng d
040 _cMACL
100 _aPathak , Satpal
_975375
245 _aIndian Crafts Traditions : Design Intervention and Revival
260 _aKolkata
_bBhagwat Pub
_c2017
650 _aArt
_975376
942 _2ddc
_cBK
999 _c60141
_d60141